000 00372nam a22001337a 4500
005 20140402110113.0
008 140402b xxu||||| |||| 00| 0 eng d
050 _aSPC DT932.
_bP7
100 _aPohl, Victor
_99642
245 _aAdventures of a Boer family
_cPohl, Victor
260 _aLondon
_bFaber and Faber
_c1944
300 _a118p.;
_c21cm.
942 _2lcc
_cMONOGRAPH
999 _c120337
_d120337